| 000 | 01314nam0a2200313 4500 | ||
|---|---|---|---|
| 001 | RU\NLR\bibl\535786 | ||
| 005 | 20260405113625.0 | ||
| 010 |
_a5-8183-0700-X _95000 |
||
| 021 |
_aRU _b2004-30924 _91558 |
||
| 035 | _a(NLR Aleph) 000528062 | ||
| 090 |
_a1335370 _c1335370 |
||
| 100 | _a20040702d2004 |||y0rusy50 ca | ||
| 101 | 1 |
_arus _ceng |
|
| 102 | _aRU | ||
| 105 | _ay ||||||||| | ||
| 200 | 1 |
_aКак успешно пройти собеседование: 101 подсказка _fРон Фрай _g[Пер. с англ. Е. Трусовой] |
|
| 210 |
_aМ. _cФАИР-ПРЕСС _cГРАНД _d2004 |
||
| 215 |
_a212, [2] с. _d21 |
||
| 300 | _aЗагл. и авт. ориг.: 101 great answers to the toughest interview questions / Ron Fry | ||
| 454 | 0 |
_12001#$a101 great answers to the toughest interview questions _1700#1$aFry$bR.$gRon$4070 _t101 great answers to the toughest interview questions _aFry, Ron |
|
| 606 | 0 |
_aТрудоустройство _xСоциально-психологические исследования _92183400 _3RU\NLR\auth\661312847 |
|
| 686 | _aС550.44 | ||
| 700 | 1 |
_4070 _7ca _8rus _aФрай _bР. _gРон _927243 _3RU\NLR\auth\7744302 |
|
| 801 | 0 |
_aRU _bNLR _c20040702 _gPSBO |
|
| 801 | 1 |
_aRU _bNLR _c20040702 |
|
| 942 | _cBOOK | ||
| 980 | _aNB | ||